Top technnology. (Record no. 114496)
[ view plain ]
| 000 -LEADER | |
|---|---|
| fixed length control field | 00889nam a2200205 a 4500 |
| 005 - DATE AND TIME OF LATEST TRANSACTION | |
| control field | 20140414132102.0 |
| 008 - FIXED-LENGTH DATA ELEMENTS--GENERAL INFORMATION | |
| fixed length control field | 100722s19uu xx 00 eng d |
| 020 ## - INTERNATIONAL STANDARD BOOK NUMBER | |
| International Standard Book Number | 978-1-84835-315-2 |
| 050 ## - LIBRARY OF CONGRESS CALL NUMBER | |
| Classification number | M 327.12 |
| Item number | G54 2008 |
| 100 ## - MAIN ENTRY--PERSONAL NAME | |
| Personal name | Gilbert, Adrian |
| 245 ## - TITLE STATEMENT | |
| Title | Top technnology. |
| 260 ## - PUBLICATION, DISTRIBUTION, ETC. (IMPRINT) | |
| Place of publication, distribution, etc | London : |
| Name of publisher, distributor, etc | QED, |
| Date of publication, distribution, etc | 2008. |
| 300 ## - PHYSICAL DESCRIPTION | |
| Extent | 32 p. |
| 440 ## - SERIES STATEMENT/ADDED ENTRY--TITLE | |
| Title | Spy files |
| 500 ## - GENERAL NOTE | |
| General note | Includes index. Issued also in French under title: Technologie de pointe. |
| 520 ## - SUMMARY, ETC. | |
| Summary, etc | Learn the thrilling histories underlying tech developments and their contribution to covert operations. Primary sources like newspaper clippings and book excerpts augument the text, while "Top Secret Fact" boxes offer surprising details of life in the "underworld." |
| 650 ## - SUBJECT ADDED ENTRY--TOPICAL TERM | |
| Topical term or geographic name as entry element | Espionage --Equipment and supplies --Juvenile literature. |
| 650 ## - SUBJECT ADDED ENTRY--TOPICAL TERM | |
| Topical term or geographic name as entry element | Espionage --History --Juvenile literature. |
| Withdrawn status | Lost status | Damaged status | Use restrictions | Home library | Current library | Shelving location | Date acquired | Source of acquisition | Cost, normal purchase price | Total Checkouts | Full call number | Barcode | Date last seen | Price effective from | Koha item type |
|---|---|---|---|---|---|---|---|---|---|---|---|---|---|---|---|
| Munich Library | Munich Library | Main Section | 07/22/2010 | 75.00 | M 327.12 G54 2008 | M6344 | 04/14/2014 | 04/14/2014 | Books |